| 000 | 01529nam a2200229Ia 4500 | ||
|---|---|---|---|
| 999 |
_c22890 _d22890 |
||
| 003 | OSt | ||
| 005 | 20210818152956.0 | ||
| 008 | 160316s2005 xxu||||| |||| 00| 0 eng d | ||
| 020 | _a9780521520843 | ||
| 020 | _a0521520843 | ||
| 040 | _cnls | ||
| 082 |
_a338.900000 _bSZI |
||
| 100 | _aSzirmai Adam | ||
| 245 | _aThe dynamics of socio-economic development : An introduction | ||
| 260 |
_aCambridge _bCambridge University Press _c2005 |
||
| 300 |
_a711p _cxxxii |
||
| 365 | _bRs.1,785 | ||
| 505 | _aontents List of figures; List of tables; List of boxes; Preface; List of abbreviations; Acknowledgements Chapter 1 - Developing countries and the concept of development Chapter 2 - Development of the international economic order, 1450–2000 Chapter 3 - Growth and stagnation: theories and experiences Chapter 4 - Technology and development Chapter 5 - Population and development Chapter 6 - Health, health care and development Chapter 7 - Education and development Chapter 8 - Economic development, structural transformation and primary exports Chapter 9 - Industrial development Chapter 10 - Agricultural development and rural development Chapter 11 - State formation and political aspects of development Chapter 12 - Cultural dimensions of development Chapter 13 - The international economic and political order since 1945 Chapter 14 - Foreign aid and development Bibliography Author index Subject index | ||
| 650 | _a1. Economic Development2. Social Change | ||
| 700 |
_a _a |
||
| 942 |
_2ddc _cBK |
||